| 000 | 01101nam a22003497a 4500 | ||
|---|---|---|---|
| 003 | DO-SdBPM | ||
| 005 | 20260430124039.0 | ||
| 007 | ta | ||
| 008 | 151005b1990 sp a00| 0 spa d | ||
| 020 | _a9788476553800 | ||
| 040 |
_aDO-SdBPM _bspa _cBPMSU _erda |
||
| 082 | 0 | 4 |
_a590 _bF328d 1990 _222 |
| 100 | 1 | 0 |
_aFeltwell, John _4aut. _eautor |
| 245 |
_aDónde viven los animales / _cJohn Feltwell; dirección Angela Wilkes; ilustración John Rignall |
||
| 250 | _a3a ed. | ||
| 260 | _c | ||
| 264 |
_aBarcelona : _bPlaza joven, _c1990 |
||
| 300 |
_a64 páginas : _bilustraciones ; _c29 cm. |
||
| 336 |
_atexto _btxt _2rdacontent |
||
| 337 |
_asin mediación _bn _2rdamedia |
||
| 338 |
_avolumen _bnc _2rdacarrier |
||
| 490 | 0 | _aVentana al mundo | |
| 501 | _aIncluye índice de nombres | ||
| 590 | _aInventariado, 2026/VM | ||
| 650 | 7 | _aConducta animal | | |
| 650 | 7 | _a Distribución geográfica | |
| 650 | 7 |
_aAnimales _xHábitos y conducta |
|
| 650 | 7 | _a Literatura infantil. | |
| 700 | 1 |
_aRignal, John _eilustración |
|
| 910 | _aVMateo V. Control de calidad. BPMSU | ||
| 942 |
_2ddc _cBK |
||
| 999 |
_c8328 _d8328 |
||